00444 2200193 4500001002100000005001500021008004100036020001800077035001900095041000700114082000800121090001400129100002000143245002000163260001600183300002000199500001000219650002100229INLIS00000000000472220241224112951241224||||||||| | ||| |||| || |  a979-3659-20-3 0010-1224004722 aid0 a813 a813 JAN g0 aJanet Lee Carey00aGadis Mobil Van bKaifac2005 a380 hlm.;17 cm. aCet.1 0aImu Kesusastraan